Modelovanie regionálneho vývoja v SR a hodnotenie účinnosti regionálnych politík
Na minha lista:
| Autor principal: | |
|---|---|
| Outros Autores: | , , , , , , |
| Formato: | Livro |
| Idioma: | eslovaco |
| Publicado em: |
Bratislava
Ekonomický ústav Slovenskej akadémie vied
2019
|
| Edição: | 1. vydanie |
| Assuntos: | |
| Tags: |
Sem tags, seja o primeiro a adicionar uma tag!
|
MARC
| LEADER | 00000nlm a2200000 4500 | ||
|---|---|---|---|
| 001 | 0269043 | ||
| 005 | 20230728112136.5 | ||
| 020 | |a 978-80-7144-307-0 | ||
| 020 | |a 978-80-7144-308-7 | ||
| 041 | 0 | |a slo | |
| 044 | |a SK | ||
| 245 | 1 | 0 | |a Modelovanie regionálneho vývoja v SR a hodnotenie účinnosti regionálnych politík |c Marek Radvanský a kolektív |
| 250 | |a 1. vydanie | ||
| 264 | 1 | |a Bratislava |b Ekonomický ústav Slovenskej akadémie vied |c 2019 | |
| 300 | |a 167 s. online | ||
| 610 | 2 | 0 | |a regióny |
| 610 | 2 | 0 | |a vývoj hospodársky |
| 610 | 2 | 0 | |a vývoj sociálny |
| 610 | 2 | 0 | |a politika regionálna |
| 610 | 2 | 0 | |a zdroje finančné |
| 610 | 2 | 0 | |a fondy štruktúrne |
| 610 | 2 | 0 | |a fond kohézny |
| 610 | 2 | 0 | |a modelovanie ekonometrické |
| 610 | 2 | 0 | |a modely |
| 610 | 2 | 0 | |a input-output |
| 610 | 2 | 0 | |a modely ekonometrické |
| 610 | 2 | 0 | |a modely dynamické |
| 610 | 2 | 0 | |a Slovensko |
| 100 | 1 | |a Radvanský, Marek | |
| 700 | 1 | |a Frank, Karol | |
| 700 | 1 | |a Jánošová, Miroslava | |
| 700 | 1 | |a Lichner, Ivan | |
| 700 | 1 | |a Miklošovič, Tomáš | |
| 700 | 1 | |a Ostrihoň, Filip | |
| 700 | 1 | |a Štefánik, Miroslav | |
| 700 | 1 | |a Zachar, Jakub | |